Irian Barat pukul tifa, (Record no. 88128)
[ view plain ]
| 000 -LEADER | |
|---|---|
| fixed length control field | 00721cam a22002291 4500 |
| 001 - CONTROL NUMBER | |
| control field | sa 68018032 |
| 003 - CONTROL NUMBER IDENTIFIER | |
| control field | DLC |
| 005 - DATE AND TIME OF LATEST TRANSACTION | |
| control field | 20260227112708.0 |
| 008 - FIXED-LENGTH DATA ELEMENTS--GENERAL INFORMATION | |
| fixed length control field | 940131s1961 io b 000 0 ind |
| 010 ## - LIBRARY OF CONGRESS CONTROL NUMBER | |
| LC control number | sa 68018032 |
| 025 ## - OVERSEAS ACQUISITION NUMBER | |
| Overseas acquisition number | PL480:Indo-4847 |
| 035 ## - SYSTEM CONTROL NUMBER | |
| System control number | (OCoLC)29712800 |
| 040 ## - CATALOGING SOURCE | |
| Original cataloging agency | DLC |
| Transcribing agency | CU |
| Modifying agency | DLC |
| 050 00 - LIBRARY OF CONGRESS CALL NUMBER | |
| Classification number | GR320 |
| Item number | .D3 |
| 100 1# - MAIN ENTRY--PERSONAL NAME | |
| Personal name | Dajoh, M. R. |
| 245 10 - TITLE STATEMENT | |
| Title | Irian Barat pukul tifa, |
| Statement of responsibility, etc. | oleh M.R. Dajoh. |
| 260 ## - PUBLICATION, DISTRIBUTION, ETC. | |
| Place of publication, distribution, etc. | [Djakarta] |
| Name of publisher, distributor, etc. | Urusan Adat Istiadat dan Tjeritera Rakjat, Djawatan Kebudajaan Dep. P.D. dan K., |
| Date of publication, distribution, etc. | 1961. |
| 300 ## - PHYSICAL DESCRIPTION | |
| Extent | 117 p. |
| Dimensions | 21 cm. |
| 500 ## - GENERAL NOTE | |
| General note | "Siaran radio tentang segala sesuatu mengenai Irian Barat." |
| 504 ## - BIBLIOGRAPHY, ETC. NOTE | |
| Bibliography, etc. note | Bibliography: p. 20-21. |
| 650 #0 - SUBJECT ADDED ENTRY--TOPICAL TERM | |
| Topical term or geographic name entry element | Folklore |
| Geographic subdivision | Indonesia |
| General subdivision | Papua. |
No items available.